National Anthem of Iraq - "Mawṭinī (موطني)" - Statistics

General Stats
  • This quiz has been taken 4 times
  • The average score is 2 of 40
Answer Stats
Answer % Correct
Mawṭinī,
100%
mawṭinī,
67%
al-jalālu
0%
'arāk,
0%
'arāk,
0%
'arāk,
0%
0%
0%
0%
0%
0%
Hal
0%
hal
0%
Hal
0%
hawāk,
0%
hawāk.
0%
Mawṭinī,
0%
mawṭinī.
0%
mukarraman?
0%
mukarraman?
0%
muna'aman
0%
muna'aman
0%
rubak,
0%
rubak.
0%
sāliman
0%
Sāliman
0%
s-simāk,
0%
s-simāk.
0%
tabluǧu
0%
tabluǧu
0%
'ulāk,
0%
wa-ǧāniman
0%
wa-ǧāniman
0%
wa-l-bahā'u,
0%
wa-l-hanā'u
0%
Wa-l-ḥayātu
0%
wa-l-jamālu,
0%
wa-n-najātu,
0%
wa-r-rajā'u
0%
wa-s-sanā'u
0%
No matching quizzes found
Score Distribution
Percent of People with Each Score
Percentile by Number Answered
Your Score History
You have not taken this quiz